[Event "Paskturneringen"]
[Site "Norrkoping"]
[Date "2016.03.26"]
[Round "5.2"]
[White "Akesson, Ralf"]
[Black "Pohjala, Henri"]
[Result "1/2-1/2"]
[WhiteElo "2439"]
[BlackElo "2396"]

1.Nf3 d5 2.d4 Nf6 3.c4 c6 4.Qc2 g6 5.Bf4 Bf5 6.Qb3 Qb6 7.c5 Qxb3 8.axb3 
Nbd7 9.h3 Bg7 10.Nc3 a6 11.e3 O-O 12.b4 Rfe8 13.Be2 Rad8 14.Bc7 Rc8 15.Bh2
Be4 16.O-O-O Bxf3 17.Bxf3 e5 18.g4 exd4 19.exd4 Nf8 20.h4 Ne6 21.g5 Nd7 
22.Ne2 f5 23.Rhg1 Kf7 1/2-1/2

[Event "Paskturneringen"]
[Site "Norrkoping"]
[Date "2016.03.26"]
[Round "5.3"]
[White "Hedman, Erik"]
[Black "Tikkanen, Hans"]
[Result "0-1"]
[WhiteElo "2349"]
[BlackElo "2533"]

1.d4 d5 2.c4 c6 3.Nf3 Nf6 4.Nc3 dxc4 5.a4 Bf5 6.Ne5 Nbd7 7.Nxc4 Qc7 8.g3 
e5 9.dxe5 Nxe5 10.Bf4 Nfd7 11.Bg2 g5 12.Ne3 gxf4 13.Nxf5 O-O-O 14.Qc2 Nc5 
15.b4 f3 16.bxc5 fxg2 17.Rg1 Bxc5 18.Rxg2 Nc4 19.g4 Qe5 20.Rg3 Bb4 21.Rd1 
Rxd1+ 22.Kxd1 Rd8+ 23.Ke1 Na3 24.Qc1 Qe4 0-1

[Event "Paskturneringen"]
[Site "Norrkoping"]
[Date "2016.03.26"]
[Round "5.4"]
[White "Adler, Bo"]
[Black "Semcesen, Daniel"]
[Result "0-1"]
[WhiteElo "2129"]
[BlackElo "2442"]

1.b3 d6 2.Bb2 Nd7 3.e3 Ngf6 4.c4 g6 5.Nc3 Bg7 6.Nf3 O-O 7.Qc2 Re8 8.Be2 e5
9.O-O Nf8 10.d4 e4 11.Nd2 Bf5 12.d5 h5 13.Nb5 N8h7 14.Nd4 Bg4 15.Bxg4 hxg4
16.Ne2 Ng5 17.Ng3 Qe7 18.Rae1 Nd7 19.Bxg7 Kxg7 20.f4 exf3 21.gxf3 Ne5 22.
fxg4 Rh8 23.Nge4 Rh3 24.Nxg5 Qxg5 25.Qe4 Nxg4 26.Nf3 Rxf3 27.Qxf3 Nxe3+ 
28.Kh1 Nxf1 29.Rxf1 Qe7 30.Kg2 Re8 0-1

[Event "Paskturneringen"]
[Site "Norrkoping"]
[Date "2016.03.26"]
[Round "5.5"]
[White "Bogo, Soren"]
[Black "Ernst, Thomas"]
[Result "0-1"]
[WhiteElo "2244"]
[BlackElo "2370"]

1.d4 Nf6 2.c4 e6 3.Nc3 Bb4 4.Nf3 b6 5.Bg5 Bb7 6.e3 h6 7.Bh4 g5 8.Bg3 Ne4 
9.Nd2 Nxc3 10.bxc3 Bxc3 11.Rc1 Bxd2+ 12.Qxd2 d6 13.Qb2 Nd7 14.c5 Nf6 15.
cxd6 cxd6 16.Bb5+ Kf8 17.Qa3 Ne4 18.O-O Kg7 19.Bc6 Bxc6 20.Rxc6 Qd7 21.d5 
exd5 22.Qb2+ Kh7 23.Qc2 Rhc8 24.Rxc8 Rxc8 25.Qd3 Qf5 26.Qa3 h5 27.f3 Nd2 
28.Re1 h4 29.Bxd6 Nc4 30.e4 dxe4 31.fxe4 Qe6 32.Qxa7 Nxd6 33.Qxb6 Rc2 0-1

[Event "Paskturneringen"]
[Site "Norrkoping"]
[Date "2016.03.26"]
[Round "5.6"]
[White "Ahvenjarvi, Jani"]
[Black "Hoyer, Jacob"]
[Result "1-0"]
[WhiteElo "2335"]
[BlackElo "2221"]

1.e4 c5 2.Nf3 Nc6 3.d4 cxd4 4.Nxd4 Nf6 5.Nc3 e5 6.Ndb5 d6 7.Bg5 a6 8.Na3 
b5 9.Bxf6 gxf6 10.Nd5 f5 11.c3 Bg7 12.exf5 Bxf5 13.Nc2 O-O 14.Nce3 Be6 15.
Bd3 f5 16.O-O Kh8 17.f4 e4 18.Bc2 Ne7 19.Bb3 a5 20.a3 Rc8 21.Rf2 Nxd5 22.
Bxd5 Bxd5 23.Nxd5 Qe8 24.Rd2 Qe6 25.Qe2 Rc5 26.Rad1 Rd8 27.Kh1 Bh6 28.g3 
Bg7 29.Kg2 Rb8 30.Ne3 Bf8 31.Rd4 Rbc8 32.R1d2 Be7 33.Qd1 Rf8 34.Rxd6 Bxd6 
35.Rxd6 Qc8 36.Qd4+ Kg8 37.Rd7 Rf7 38.Rd8+ Qxd8 1-0

[Event "Paskturneringen"]
[Site "Norrkoping"]
[Date "2016.03.26"]
[Round "5.7"]
[White "Nygren, Kim"]
[Black "Madebrink, Lars"]
[Result "1/2-1/2"]
[WhiteElo "2274"]
[BlackElo "2215"]

1.e4 d5 2.exd5 Qxd5 3.Nc3 Qa5 4.d4 Nf6 5.Nf3 Bg4 6.Bc4 e6 7.Bd2 Bb4 8.Qe2 
c6 9.h3 Bxf3 10.Qxf3 Nbd7 11.g4 h6 12.a3 Bxc3 13.Bxc3 Qc7 14.O-O Nb6 15.
Bb3 Nbd5 16.Bd2 g5 17.Rfe1 O-O-O 18.Re5 1/2-1/2

[Event "Paskturneringen"]
[Site "Norrkoping"]
[Date "2016.03.26"]
[Round "5.8"]
[White "Bellon Lopez, Juan Manuel"]
[Black "Torkkola, Henri"]
[Result "1/2-1/2"]
[WhiteElo "2350"]
[BlackElo "2270"]

1.d4 e6 2.Nf3 c5 3.c3 d5 4.Bg5 Nf6 5.e3 Be7 6.Nbd2 Nc6 7.Bd3 O-O 8.O-O b6 
9.Ne5 Bb7 10.Qa4 Rc8 11.f4 h6 12.Bh4 Qc7 13.Nxc6 Bxc6 14.Qd1 Ne4 15.Bxe7 
Qxe7 16.Nf3 Rfd8 17.g4 g6 18.Qe1 Be8 19.Kh1 b5 20.a3 a5 21.g5 h5 22.Ne5 b4
23.Bxe4 dxe4 24.dxc5 b3 25.c4 Qxc5 26.Qc3 Rd6 27.Rad1 Rcd8 28.Rxd6 Qxd6 
29.Qxa5 Qd2 30.Qxd2 Rxd2 31.Rb1 Re2 32.Kg1 Kf8 33.h4 Ke7 34.Kf1 Rh2 35.Kg1
Rc2 36.Kf1 Rh2 37.Kg1 Rc2 38.Kf1 f6 39.gxf6+ Kxf6 40.Kg1 Rd2 41.Kf1 Rh2 
42.Kg1 Rd2 43.Kf1 Rh2 44.Kg1 Rd2 1/2-1/2

[Event "Paskturneringen"]
[Site "Norrkoping"]
[Date "2016.03.27"]
[Round "6.1"]
[White "Pohjala, Henri"]
[Black "Hillarp Persson, Tiger"]
[Result "1/2-1/2"]
[WhiteElo "2396"]
[BlackElo "2533"]

1.d4 Nf6 2.Nf3 e6 3.g3 b5 4.Bg2 Bb7 5.O-O c5 6.b3 cxd4 7.Bb2 Be7 8.Bxd4 
O-O 9.Nbd2 a5 10.c4 b4 11.Bb2 Qb6 12.a4 Na6 13.Nd4 Bxg2 14.Kxg2 Nc5 15.Rc1
Ne8 16.Qc2 f5 17.Kg1 Nf6 18.Nb5 Ng4 19.h3 Nf6 20.Bd4 Qb7 21.Nf3 Nfe4 22.
Rcd1 Rad8 23.Be3 d6 24.Ne1 e5 25.Bxc5 dxc5 26.Nf3 Bf6 27.Rxd8 Rxd8 28.Rd1 
Rxd1+ 29.Qxd1 Kf8 30.Qd3 Qc6 31.Nd2 Nxd2 32.Qxd2 Ke7 33.Qd3 e4 34.Qd2 g5 
35.e3 h5 36.Qd1 h4 37.gxh4 gxh4 38.Qh5 Ke6 39.Qh7 Be5 40.Qxh4 Qd7 41.Qh6+ 
Bf6 42.Kg2 Qf7 43.h4 Qg8+ 44.Kf1 Qd8 45.Qh5 Bxh4 46.Nc7+ 1/2-1/2

[Event "Paskturneringen"]
[Site "Norrkoping"]
[Date "2016.03.27"]
[Round "6.2"]
[White "Tikkanen, Hans"]
[Black "Sjodahl, Pontus"]
[Result "1/2-1/2"]
[WhiteElo "2533"]
[BlackElo "2417"]

1.e4 e6 2.d4 d5 3.Nc3 Bb4 4.e5 c5 5.a3 Bxc3+ 6.bxc3 Qa5 7.Bd2 Qa4 8.Qg4 
Kf8 9.Qd1 b6 10.dxc5 bxc5 11.c4 Ne7 12.cxd5 exd5 13.f4 Bf5 14.Bd3 Bxd3 15.
cxd3 Qxd1+ 16.Kxd1 Nd7 17.Nf3 h5 18.e6 fxe6 19.Re1 Rb8 20.Rxe6 Rb6 21.Re2 
Kf7 22.d4 cxd4 23.Nxd4 Nf6 24.Rc1 Ne4 25.Bb4 Ng6 26.Rc7+ Kf6 27.g3 h4 28.
f5 hxg3 29.hxg3 Nxg3 30.Re6+ Rxe6 31.fxe6 Ne5 32.Be7+ Kg6 33.Bd6 Kf6 34.
Be7+ Kg6 35.Bd6 Kf6 36.Rxa7 Re8 37.Rxg7 Ne4 38.Bxe5+ 1/2-1/2

[Event "Paskturneringen"]
[Site "Norrkoping"]
[Date "2016.03.27"]
[Round "6.3"]
[White "Semcesen, Daniel"]
[Black "Ahvenjarvi, Jani"]
[Result "1/2-1/2"]
[WhiteElo "2442"]
[BlackElo "2335"]

1.d4 Nf6 2.c4 e6 3.Nc3 Bb4 4.Qc2 d5 5.a3 Bxc3+ 6.Qxc3 Ne4 7.Qc2 c5 8.dxc5 
Nc6 9.Nf3 Qa5+ 10.Bd2 Qxc5 11.e3 Nxd2 12.Nxd2 d4 13.b4 Qe7 14.exd4 Nxd4 
15.Qc3 e5 16.Bd3 O-O 17.O-O f5 18.Rae1 Qf6 19.Kh1 Be6 20.f4 exf4 21.Rxf4 
Rad8 22.Nf3 Nxf3 23.Qxf6 Rxf6 24.Rxf3 Rd4 25.Rc1 f4 26.h3 g5 27.Bf1 Kf7 
28.Kg1 h5 29.c5 Bd5 30.Rfc3 a6 31.Bc4 Ke6 32.Bxd5+ Kxd5 33.c6 Rxc6 34.Rxc6
bxc6 35.Rc5+ Ke4 36.Rxg5 Rd1+ 37.Kf2 Rd2+ 38.Kg1 Rd1+ 39.Kf2 Rd2+ 40.Kg1 
Rd1+ 1/2-1/2

[Event "Paskturneringen"]
[Site "Norrkoping"]
[Date "2016.03.27"]
[Round "6.4"]
[White "Ernst, Thomas"]
[Black "Akesson, Ralf"]
[Result "1/2-1/2"]
[WhiteElo "2370"]
[BlackElo "2439"]

1.e4 c6 2.d4 d5 3.Nd2 dxe4 4.Nxe4 Nd7 5.Ng5 Ngf6 6.Bd3 e6 7.N1f3 Bd6 8.Qe2
h6 9.Ne4 Nxe4 10.Qxe4 Nf6 11.Qe2 b6 12.Bd2 Bb7 13.O-O-O Qc7 14.Ne5 O-O-O 
15.f4 Kb8 16.Rhe1 c5 17.dxc5 Bxc5 18.Kb1 Nd5 19.c3 g5 20.g3 gxf4 21.gxf4 
Rhg8 22.Be4 Bd6 23.Qf2 f5 24.Bf3 Nf6 25.Bc1 Ne4 26.Qe3 h5 27.Bxh5 Bxe5 28.
fxe5 Rh8 29.Rxd8+ Qxd8 30.Qe2 Qh4 31.Bf7 Nc5 32.Rg1 Qh7 33.Bg6 Qxh2 34.
Qxh2 Rxh2 35.Bf4 Be4+ 36.Ka1 Re2 37.Bh5 Rg2 38.Rxg2 Bxg2 39.Be2 Be4 40.b4 
Nd3 41.Bxd3 Bxd3 42.Kb2 Kb7 43.Kc1 Kc6 44.Kd2 Bc4 45.a4 Kd5 46.a5 bxa5 47.
bxa5 Ke4 48.Be3 Kxe5 49.Bxa7 Ke4 50.Ke1 f4 51.Kf2 e5 52.Bc5 Kf5 53.Ba3 e4 
54.Bc1 Ba6 1/2-1/2

[Event "Paskturneringen"]
[Site "Norrkoping"]
[Date "2016.03.27"]
[Round "6.5"]
[White "Rahul Kumar, Pune"]
[Black "Hedman, Erik"]
[Result "0-1"]
[WhiteElo "2204"]
[BlackElo "2349"]

1.g3 c5 2.Bg2 Nc6 3.d3 g6 4.Bd2 Bg7 5.Qc1 d6 6.Nc3 Bd7 7.a3 Rc8 8.e4 Nd4 
9.Nge2 e6 10.Bf4 Qc7 11.Rb1 b5 12.b3 a5 13.Nd1 f5 14.c3 Nxe2 15.Kxe2 Ne7 
16.h4 h6 17.Re1 e5 18.Bd2 c4 19.bxc4 bxc4 20.Kf1 d5 21.exd5 cxd3 22.Be3 e4
23.Bb6 Qd6 24.Qd2 Qxd5 25.f3 O-O 26.fxe4 fxe4+ 27.Kg1 Qd6 28.Rxe4 Rb8 29.
Qa2+ Kh7 30.Bf2 Rxb1 31.Qxb1 Rb8 32.Qxb8 Qxb8 33.Rxe7 Qd6 34.Rf7 Kg8 35.
Rf4 Be5 36.Rc4 Qxa3 37.Rc5 Bxg3 38.Bd4 Bd6 39.Bd5+ Kf8 40.Rc4 Qc1 41.Bf3 
Qf4 42.Bg7+ Kxg7 43.Rxf4 Bxf4 0-1

[Event "Paskturneringen"]
[Site "Norrkoping"]
[Date "2016.03.27"]
[Round "6.6"]
[White "Rydstrom, Tom"]
[Black "Johansson, Carl Fredrik"]
[Result "1/2-1/2"]
[WhiteElo "2318"]
[BlackElo "2151"]

1.e4 c5 2.Nf3 d6 3.d4 cxd4 4.Nxd4 Nf6 5.Nc3 g6 6.Be3 Bg7 7.f3 O-O 8.Bc4 
Nc6 9.Qd2 Bd7 10.g4 Ne5 11.Be2 Rc8 12.h4 Qa5 13.Nb3 Qc7 14.h5 b5 15.O-O-O 
a5 16.Nd4 b4 17.Nd5 Nxd5 18.exd5 Nc4 19.Bxc4 Qxc4 20.Kb1 Qxd5 21.Nf5 Qxd2 
22.Nxe7+ Kh8 23.Rxd2 Rce8 24.Nd5 Bc6 25.h6 Bf6 26.Bb6 Bg5 27.Rdd1 a4 28.
Rhf1 Bb5 29.Bd4+ f6 30.f4 Bxf1 31.fxg5 Be2 32.Nxf6 Bxd1 33.Nxe8+ Kg8 34.
Nf6+ Rxf6 35.Bxf6 Kf7 36.Bd8 b3 37.cxb3 axb3 38.a4 Be2 39.Kc1 Ke8 40.Kd2 
Bc4 41.Kc3 Bd5 42.Bf6 Kd7 43.Kd4 Ke6 44.a5 Bb7 45.Kc4 Ba6+ 46.Kxb3 Kd5 47.
Be7 Bc4+ 48.Kc3 Ba6 49.Bd8 Kc5 50.Bc7 Kd5 51.Bb8 Kc5 52.Ba7+ Kd5 53.b3 Ke4
54.Bf2 Kd5 55.Bg1 Ke4 56.Bh2 Kd5 57.Bg3 Kc5 58.Bf2+ Kd5 59.Bg3 Kc5 60.Bf2+
Kd5 1/2-1/2

[Event "Paskturneringen"]
[Site "Norrkoping"]
[Date "2016.03.27"]
[Round "6.7"]
[White "Torkkola, Henri"]
[Black "Nygren, Kim"]
[Result "1-0"]
[WhiteElo "2270"]
[BlackElo "2274"]

1.d4 f5 2.Nf3 Nf6 3.Bf4 e6 4.e3 Be7 5.Bd3 O-O 6.h3 c5 7.c3 b6 8.Nbd2 Bb7 
9.Qe2 d5 10.a4 Ne4 11.O-O Nd7 12.Ne5 Nxe5 13.Bxe5 Bd6 14.Nf3 Bxe5 15.Nxe5 
Qh4 16.Bxe4 dxe4 17.dxc5 bxc5 18.Qb5 Qe7 19.Nd7 Rfd8 20.Nxc5 Bd5 21.b4 g5 
22.Qe2 e5 23.Rfd1 Qf7 24.Qa6 Kh8 25.Rd2 Bc4 26.Rxd8+ Rxd8 27.Qb7 Qf6 28.
Qc7 Rd2 29.Nd7 Qf7 30.Qxe5+ Kg8 31.Nf6+ Kf8 32.Nxh7+ Qxh7 33.Qc5+ Kg7 34.
Qxc4 Qh4 35.Qc7+ Kg6 36.Rf1 f4 37.Qc6+ Kf5 38.Qc8+ Ke5 39.Qe8+ Kf5 40.Qf7+
Ke5 41.Qe7+ Kf5 42.g4+ Kg6 43.Qxe4+ Kg7 44.Qf3 1-0

[Event "Paskturneringen"]
[Site "Norrkoping"]
[Date "2016.03.27"]
[Round "6.8"]
[White "Thorsbro, Peter"]
[Black "Janse, Love"]
[Result "1-0"]
[WhiteElo "2249"]
[BlackElo "2129"]

1.d4 f5 2.g3 Nf6 3.Bg2 d6 4.Nf3 g6 5.O-O Bg7 6.c4 O-O 7.Nc3 Qe8 8.d5 Na6 
9.Rb1 Bd7 10.b4 c6 11.dxc6 bxc6 12.a3 Nc7 13.Bb2 Rb8 14.Qd3 Ne6 15.e4 a5 
16.exf5 gxf5 17.Ba1 axb4 18.axb4 Qh5 19.Ne2 f4 20.Bc3 Bh6 21.Rbe1 Rf7 22.
Ned4 Nxd4 23.Qxd4 Rbf8 24.c5 Bg7 25.Qd1 Bg4 26.cxd6 exd6 27.Qd3 Nd5 28.
Bxg7 Kxg7 29.Nd4 f3 30.Bh1 Qg6 31.Qxg6+ hxg6 32.Re4 Bf5 33.Nxf5+ Rxf5 34.
Rc1 Ra8 35.h4 Rf6 36.Rd4 Ne7 37.Rd3 Rb8 38.Rxf3 Rxb4 39.Rxf6 Kxf6 40.Bxc6 
Nxc6 41.Rxc6 Ke5 42.Kg2 Rb3 43.f4+ Kd5 44.Ra6 Rd3 45.Ra5+ Ke4 46.Rg5 Rd2+ 
47.Kf1 d5 48.Rxg6 Rh2 49.Kg1 Rc2 50.h5 Kf3 51.h6 d4 52.f5 Ra2 53.h7 Ra1+ 
54.Kh2 Ra2+ 55.Kh3 Ra1 56.Kh4 Rh1+ 57.Kg5 Rxh7 58.Rd6 Ke4 59.Kg6 Rh1 60.g4
Rf1 61.Rd8 Rf4 62.g5 d3 63.f6 1-0

[Event "Paskturneringen"]
[Site "Norrkoping"]
[Date "2016.03.27"]
[Round "7.1"]
[White "Hillarp Persson, Tiger"]
[Black "Ernst, Thomas"]
[Result "1-0"]
[WhiteElo "2533"]
[BlackElo "2370"]

1.c4 c5 2.Nc3 Nc6 3.g3 g6 4.Bg2 Bg7 5.Nf3 e5 6.O-O Nge7 7.a3 a5 8.Ne1 d6 
9.Nc2 O-O 10.d3 Rb8 11.Rb1 Be6 12.Ne3 Qd7 13.Ned5 Bh3 14.Nxe7+ Nxe7 15.
Bxh3 Qxh3 16.b4 axb4 17.axb4 cxb4 18.Rxb4 Nc6 19.Rb6 f5 20.Kh1 f4 21.Rg1 
f3 22.Be3 fxe2 23.Qxe2 Qd7 24.Rgb1 Rf7 25.Kg2 Rbf8 26.Rxb7 Qxb7 27.Rxb7 
Rxb7 28.Ne4 Rd7 29.Qa2 Ne7 30.Qa4 Rdd8 31.Bg5 Ra8 32.Qd7 Nf5 33.Be7 Rf7 
34.Qc6 Ra2 35.Bxd6 Nxd6 36.Qxd6 Bh6 37.Qxe5 Bg7 38.Qd5 1-0

[Event "Paskturneringen"]
[Site "Norrkoping"]
[Date "2016.03.27"]
[Round "7.2"]
[White "Ahvenjarvi, Jani"]
[Black "Tikkanen, Hans"]
[Result "0-1"]
[WhiteElo "2335"]
[BlackElo "2533"]

1.e4 e6 2.d4 d5 3.Nd2 Nf6 4.e5 Nfd7 5.Bd3 c5 6.c3 Nc6 7.Ne2 f6 8.Nf4 Qe7 
9.Nf3 cxd4 10.cxd4 fxe5 11.dxe5 Ndxe5 12.Nxe5 Nxe5 13.Qh5+ Nf7 14.Bxh7 
Qb4+ 15.Kf1 Bd7 16.g3 e5 17.Ng6 Bg4 18.Qh4 Qe4 19.Kg1 Rxh7 20.Qxh7 Qe1+ 
21.Kg2 Bf3+ 0-1

[Event "Paskturneringen"]
[Site "Norrkoping"]
[Date "2016.03.27"]
[Round "7.3"]
[White "Hedman, Erik"]
[Black "Semcesen, Daniel"]
[Result "0-1"]
[WhiteElo "2349"]
[BlackElo "2442"]

1.d4 d5 2.c4 c6 3.Nf3 Nf6 4.Nc3 a6 5.h3 e6 6.cxd5 exd5 7.Bf4 Bf5 8.g4 Be6 
9.e3 Bd6 10.Ne5 O-O 11.Bd3 c5 12.g5 Ne8 13.Qh5 g6 14.Qh6 cxd4 15.exd4 Ng7 
16.Qh4 Nh5 17.Be3 f5 18.gxf6 Qxf6 19.Qxf6 Rxf6 20.Bg5 Rf8 21.Bh6 Rf6 22.
Bg5 Rf8 23.Bh6 Ng7 24.Rc1 Nc6 25.Nxc6 bxc6 26.Na4 Bf4 27.Bxf4 Rxf4 28.Nc5 
Rxd4 29.Bxa6 Bf5 30.Rc3 Ne6 31.Nxe6 Re4+ 32.Kf1 Rxe6 33.Bb7 Rxa2 34.Bxc6 
Ra1+ 35.Kg2 Rxh1 36.Kxh1 d4 37.Bd5 dxc3 38.bxc3 Bxh3 0-1

[Event "Paskturneringen"]
[Site "Norrkoping"]
[Date "2016.03.27"]
[Round "7.4"]
[White "Akesson, Ralf"]
[Black "Thorsbro, Peter"]
[Result "1-0"]
[WhiteElo "2439"]
[BlackElo "2249"]

1.d4 d5 2.c4 c6 3.Nf3 Nf6 4.e3 Bf5 5.Nc3 e6 6.Nh4 Be4 7.f3 Bg6 8.Qb3 Qc7 
9.Bd2 Nbd7 10.O-O-O Be7 11.Nxg6 hxg6 12.Kb1 dxc4 13.Bxc4 b5 14.Be2 a6 15.
e4 c5 16.dxc5 Nxc5 17.Qc2 Rc8 18.a3 O-O 19.h4 Qb7 20.e5 Nfd7 21.f4 Na4 22.
h5 g5 23.fxg5 Nxe5 24.Bf4 Nxc3+ 25.bxc3 Nc4 26.Bxc4 Rxc4 27.h6 Qe4 28.hxg7
Qxc2+ 29.Kxc2 Kxg7 30.g3 Bxa3 31.Rh6 Re4 32.Rdh1 Rd8 33.Rh7+ Kg6 34.R1h6+ 
Kf5 35.Rxf7+ Kg4 36.Rh4+ 1-0

[Event "Paskturneringen"]
[Site "Norrkoping"]
[Date "2016.03.27"]
[Round "7.5"]
[White "Sjodahl, Pontus"]
[Black "Torkkola, Henri"]
[Result "1/2-1/2"]
[WhiteElo "2417"]
[BlackElo "2270"]

1.d4 d5 2.c4 c6 3.Nc3 Nf6 4.e3 e6 5.Nf3 Nbd7 6.b3 Bd6 7.Be2 O-O 8.O-O b6 
9.Qc2 Bb7 10.e4 Nxe4 11.Nxe4 dxe4 12.Qxe4 Nf6 13.Qh4 c5 14.dxc5 bxc5 15.
Bb2 Ne4 16.Qg4 Nf6 17.Qg5 h6 18.Qe3 Ng4 19.Qc3 f6 20.h3 Ne5 21.Rad1 Qc7 
22.Qe3 Bxf3 23.Bxf3 Rad8 24.Rfe1 Rd7 25.Bxe5 Bxe5 26.Rxd7 Qxd7 27.Qxc5 Qd2
28.Rd1 Qxa2 29.b4 Qa6 30.g3 Rc8 31.Qe7 Qxc4 32.Rd7 f5 33.Kg2 Bf6 34.Qf7+ 
Kh8 35.Rxa7 Qxb4 36.Qxe6 Qc5 37.Rd7 Qe5 38.Qxe5 Bxe5 39.Rd5 Re8 40.Bh5 Re6
41.Bf7 Rf6 42.Rd8+ Kh7 43.Bg8+ Kg6 44.f4 Rd6 45.Re8 Bf6 46.h4 Rd8 47.Kf3 
Bxh4 48.Rxd8 Bxd8 49.Bc4 Kf6 50.Bb3 g5 51.fxg5+ hxg5 52.g4 fxg4+ 53.Kxg4 
Ke5 54.Bg8 Bc7 55.Bh7 Bd6 56.Bg8 Bc7 57.Bh7 Bd6 58.Bg8 1/2-1/2

[Event "Paskturneringen"]
[Site "Norrkoping"]
[Date "2016.03.27"]
[Round "7.6"]
[White "Backman, Michael"]
[Black "Pohjala, Henri"]
[Result "1/2-1/2"]
[WhiteElo "2089"]
[BlackElo "2396"]

1.d4 d5 2.c4 c6 3.cxd5 cxd5 4.Nc3 Nf6 5.Bf4 a6 6.e3 Nc6 7.Bd3 e6 8.Rc1 Bd7
9.Nf3 Be7 10.O-O O-O 11.h3 Rc8 12.a3 Na5 13.Ne5 Nc4 14.Bxc4 dxc4 15.e4 b5 
16.Re1 h6 17.Re3 Nh7 18.Rg3 Bg5 19.Bxg5 hxg5 20.d5 exd5 21.Qd4 Be6 22.exd5
f6 23.Nf3 Bd7 24.Nd2 f5 25.Re3 Qf6 26.Nf3 Qxd4 27.Nxd4 Nf6 28.Ne6 Bxe6 29.
Rxe6 Ra8 30.Rce1 Ra7 31.R1e5 Rb8 32.Rxf5 a5 33.Rxg5 Nh7 34.Rf5 b4 35.axb4 
axb4 36.Ne4 c3 37.Nxc3 bxc3 38.bxc3 Rc8 39.g4 Nf8 40.Re3 Rd7 41.h4 Ng6 42.
h5 Ne7 43.Rfe5 Nxd5 44.Rd3 Nf6 45.Rxd7 Nxd7 46.Re3 Nf6 47.f3 Nd5 48.Re5 
Nxc3 49.Kg2 Rd8 50.g5 Nd5 51.Kg3 Kf7 52.f4 Ne7 53.Kg4 Rd1 54.f5 Rd4+ 55.
Kg3 Nd5 56.Re1 Rd3+ 57.Kf2 Rh3 58.h6 gxh6 59.gxh6 Kf6 60.Ra1 Kxf5 61.Ra5 
Ke5 62.Ra6 Nf6 63.Ra5+ Kf4 64.Ra6 Rxh6 65.Ke2 Rh2+ 66.Kd3 Ne4 67.Ra8 Rd2+ 
68.Kc4 Nd6+ 69.Kc3 Ke3 70.Rh8 Ne4+ 71.Kc4 Rd4+ 72.Kb3 Rd7 73.Rh3+ Kd4 74.
Rh4 Rb7+ 75.Kc2 Rb8 76.Rh7 Rc8+ 77.Kb2 Nf2 78.Rd7+ Ke3 79.Re7+ Kd2 80.Kb3 
Nd3 81.Rh7 Rc3+ 82.Ka4 Rc5 83.Kb3 Nf4 84.Rh4 Rf5 85.Rh2+ Kd3 86.Kb4 Kd4 
87.Rh4 Kd3 88.Rh8 Ne6 89.Rh3+ Kd4 90.Rh4+ Kd5 91.Rh1 Rf2 92.Rh5+ Kd4 93.
Rh4+ Nf4 94.Kb5 Ke5 95.Rh8 Rb2+ 96.Kc4 Rc2+ 97.Kb3 Rc7 98.Re8+ Kd4 99.Rd8+
Ke3 100.Rh8 Rc6 101.Re8+ Kd2 102.Rh8 Nd5 103.Rh2+ Kd3 104.Rh3+ Ne3 105.Kb4
Rc8 106.Rh7 Nd5+ 107.Kb5 Rb8+ 108.Kc5 Nf4 109.Rd7+ Kc3 110.Rh7 Nd3+ 111.
Kd5 Rb5+ 112.Ke4 Re5+ 113.Kf3 Nc5 114.Rc7 Kd4 1/2-1/2

[Event "Paskturneringen"]
[Site "Norrkoping"]
[Date "2016.03.27"]
[Round "7.7"]
[White "Bogo, Soren"]
[Black "Gillefalk, Bjorn"]
[Result "1-0"]
[WhiteElo "2244"]
[BlackElo "2067"]

1.d4 Nf6 2.c4 c5 3.d5 b5 4.cxb5 a6 5.f3 g6 6.e4 Bg7 7.a4 O-O 8.Na3 e6 9.
Ne2 Bb7 10.d6 Nxe4 11.fxe4 Qh4+ 12.g3 Qxe4 13.Rg1 axb5 14.axb5 Ra4 15.Bg2 
Qb4+ 16.Nc3 Bxc3+ 17.bxc3 Qxc3+ 18.Bd2 Qe5+ 19.Kf2 Qf6+ 20.Bf3 Rd4 21.Bc3 
1-0

[Event "Paskturneringen"]
[Site "Norrkoping"]
[Date "2016.03.27"]
[Round "7.8"]
[White "Bellon Lopez, Juan Manuel"]
[Black "Klashed, Martin"]
[Result "1/2-1/2"]
[WhiteElo "2350"]
[BlackElo "2149"]

1.d4 Nf6 2.Nf3 e6 3.Bg5 c5 4.e3 Nc6 5.Nbd2 d6 6.c3 Be7 7.Bd3 O-O 8.O-O b6 
9.Qa4 Bb7 10.Rfe1 Nd5 11.Bxe7 Qxe7 12.Rad1 Rac8 13.g3 Nf6 14.Bf1 a6 15.Bg2
b5 16.Qc2 h6 17.a3 Rfd8 18.Nb3 Qc7 19.dxc5 Ne5 20.Nxe5 dxe5 21.Rxd8+ Rxd8 
22.Rd1 Bxg2 23.Kxg2 Qc6+ 24.Kg1 Rd5 25.Rd2 g6 26.c4 Rxd2 27.Nxd2 Qxc5 28.
b4 Qc6 29.c5 h5 30.h4 Kf8 31.Qc3 Qd5 32.c6 Ne8 33.Nb3 Nc7 34.Qc5+ Qxc5 35.
Nxc5 Ke7 36.Nb7 e4 37.Kf1 e5 38.Nc5 Kd6 39.Nxe4+ Kxc6 40.Ng5 f6 41.Nh7 Kd5
42.Nxf6+ Kc4 43.Nd7 Kb3 44.Nxe5 Kxa3 45.Nxg6 Kxb4 46.g4 hxg4 47.h5 Ne6 48.
h6 Ng5 49.Ke2 Kc3 50.Nf4 a5 51.Kd1 b4 52.Kc1 b3 53.Nd5+ Kd3 54.Nf6 g3 55.
fxg3 Kxe3 56.Kb2 a4 57.Kc3 Kf3 58.Kb2 Kg2 59.Ne4 Nf7 60.h7 Nh8 61.g4 Kf3 
62.Nd2+ Kxg4 63.Nxb3 axb3 64.Kxb3 Kg5 65.Kc4 Kg6 66.Kd5 Kxh7 1/2-1/2

[Event "Paskturneringen"]
[Site "Norrkoping"]
[Date "2016.03.28"]
[Round "8.1"]
[White "Semcesen, Daniel"]
[Black "Hillarp Persson, Tiger"]
[Result "1/2-1/2"]
[WhiteElo "2442"]
[BlackElo "2533"]

1.d4 Nf6 2.c4 g6 3.Nc3 Bg7 4.e4 d6 5.h3 O-O 6.Nf3 e5 7.dxe5 dxe5 8.Be3 
Nbd7 9.c5 Qe7 10.Rc1 c6 11.b4 Nh5 12.Bc4 Nf4 13.O-O Rd8 14.Qb3 b5 15.cxb6 
Nxb6 16.Rfd1 Rxd1+ 17.Rxd1 Nxc4 1/2-1/2

[Event "Paskturneringen"]
[Site "Norrkoping"]
[Date "2016.03.28"]
[Round "8.2"]
[White "Tikkanen, Hans"]
[Black "Akesson, Ralf"]
[Result "1/2-1/2"]
[WhiteElo "2533"]
[BlackElo "2439"]

1.e4 c6 2.d4 d5 3.Nc3 dxe4 4.Nxe4 Bf5 5.Ng3 Bg6 6.h4 h6 7.Nf3 Nd7 8.h5 Bh7
9.Bd3 Bxd3 10.Qxd3 e6 11.Bd2 Ngf6 12.O-O-O Qc7 13.Ne4 O-O-O 14.g3 1/2-1/2

[Event "Paskturneringen"]
[Site "Norrkoping"]
[Date "2016.03.28"]
[Round "8.3"]
[White "Sjodahl, Pontus"]
[Black "Bogo, Soren"]
[Result "1-0"]
[WhiteElo "2417"]
[BlackElo "2244"]

1.d4 d5 2.c4 c6 3.Nf3 Nf6 4.Qb3 e6 5.g3 Nbd7 6.Bg2 Be7 7.O-O O-O 8.Nc3 Nb6
9.cxd5 exd5 10.Ne5 Ng4 11.Nd3 Nc4 12.Nc5 b6 13.Nd3 Bb7 14.Qd1 Nf6 15.Re1 
Re8 16.b3 Nd6 17.Bb2 Rc8 18.Rc1 Bf8 19.e3 Nfe4 20.Na4 Nb5 21.Ne5 f6 22.Nd3
Ba3 23.Bxa3 Nxa3 24.Nc3 Nxc3 25.Rxc3 Qd6 26.Rc1 a5 27.h4 Rc7 28.Qh5 Rce7 
29.Qf5 g6 30.Qg4 Bc8 31.Qf4 Qxf4 32.Nxf4 Bb7 33.Bf1 Kf7 34.Bd3 Rd8 35.Kh2 
Rd6 36.g4 Rc7 37.Rc3 Re7 38.Kg3 Bc8 39.g5 Bf5 40.Bxf5 gxf5 41.Rg1 a4 42.
Kf3 axb3 43.axb3 Nb5 44.Rcc1 Ra7 45.g6+ hxg6 46.Rxg6 Nc7 47.Rcg1 Ne6 48.
Rh6 Nf8 49.Nh5 Re7 50.Ng7 Re4 51.Nxf5 Rd8 52.Rg7+ Ke6 53.Ng3 1-0

[Event "Paskturneringen"]
[Site "Norrkoping"]
[Date "2016.03.28"]
[Round "8.4"]
[White "Pohjala, Henri"]
[Black "Madebrink, Lars"]
[Result "1-0"]
[WhiteElo "2396"]
[BlackElo "2215"]

1.d4 Nf6 2.Bg5 d5 3.Bxf6 gxf6 4.e3 c6 5.c4 e6 6.Nc3 Nd7 7.Bd3 a6 8.Nf3 b5 
9.cxd5 cxd5 10.e4 Nb6 11.O-O Bb7 12.e5 Bg7 13.Re1 O-O 14.exf6 Qxf6 15.Ne5 
Qe7 16.Qh5 f5 17.Nf3 Qe8 18.Qh3 Qg6 19.Ne2 Qg4 20.Qxg4 fxg4 21.Ng5 Rfe8 
22.Bxh7+ Kh8 23.Bd3 Nc4 24.b3 Nd6 25.Rad1 Bh6 26.h4 gxh3 27.Nxh3 Kg7 28.
Nef4 Ne4 29.Nh5+ Kf7 30.Bxe4 dxe4 31.Ng3 Rac8 32.Nxe4 Rc2 33.Nd6+ 1-0

[Event "Paskturneringen"]
[Site "Norrkoping"]
[Date "2016.03.28"]
[Round "8.5"]
[White "Rydstrom, Tom"]
[Black "Backman, Michael"]
[Result "1-0"]
[WhiteElo "2318"]
[BlackElo "2089"]

1.e4 c5 2.Nf3 d6 3.d4 cxd4 4.Nxd4 Nf6 5.Nc3 a6 6.Bg5 e6 7.Be2 Be7 8.f4 h6 
9.Bh4 Nxe4 10.Bxe7 Nxc3 11.Bxd8 Nxd1 12.Bc7 Nxb2 13.Bxd6 Na4 14.O-O Kd7 
15.Bb4 Rd8 16.f5 e5 17.f6 gxf6 18.Nf5 Nc6 19.Ba3 Kc7 20.Nxh6 Nc3 21.Bc4 b5
22.Bb3 Bb7 23.Rxf6 Rd2 24.Bc5 Rad8 25.Rxf7+ Kb8 26.Bb6 Rh8 27.Ng4 Ne2+ 28.
Kf1 Nf4 29.Be3 Rxg2 30.Rxf4 Nd4 31.Bxd4 exd4 32.Re1 Rh4 33.Re8+ Ka7 34.Re7
Rhxg4 35.Rxg4 Rxg4 36.Bd5 1-0

[Event "Paskturneringen"]
[Site "Norrkoping"]
[Date "2016.03.28"]
[Round "8.6"]
[White "Torkkola, Henri"]
[Black "Hedman, Erik"]
[Result "1/2-1/2"]
[WhiteElo "2270"]
[BlackElo "2349"]

1.d4 c5 2.c3 cxd4 3.cxd4 d5 4.Nc3 Nf6 5.Nf3 Nc6 6.Bf4 a6 7.Ne5 e6 8.e3 
Nxe5 9.Bxe5 Bd7 10.Bd3 Bc6 11.O-O Nd7 12.Bg3 Be7 13.Rc1 O-O 14.Qc2 g6 15.
Qe2 Rc8 16.Rc2 Nb6 17.b3 Re8 18.Nb1 Bd6 19.Bxd6 Qxd6 20.Nd2 Rc7 21.Nf3 
Rec8 22.Rfc1 Be8 23.Ne5 Kg7 24.f4 1/2-1/2

[Event "Paskturneringen"]
[Site "Norrkoping"]
[Date "2016.03.28"]
[Round "8.7"]
[White "Ernst, Thomas"]
[Black "Tryggestad, Andreas Garberg"]
[Result "1-0"]
[WhiteElo "2370"]
[BlackElo "2198"]

1.e4 c5 2.Nf3 e6 3.d4 cxd4 4.Nxd4 Nc6 5.Nc3 Qc7 6.g3 a6 7.Bg2 Nf6 8.O-O 
Nxd4 9.Qxd4 Bc5 10.Bf4 d6 11.Qd2 O-O 12.Na4 e5 13.Nxc5 dxc5 14.Bg5 Nd7 15.
Rad1 Nb6 16.b3 Be6 17.Qa5 Rac8 18.c4 f6 19.Be3 Nd7 20.Qxc7 Rxc7 21.f4 Nb8 
22.fxe5 fxe5 23.Rxf8+ Kxf8 24.Rd8+ 1-0

[Event "Paskturneringen"]
[Site "Norrkoping"]
[Date "2016.03.28"]
[Round "8.8"]
[White "Gutzmann, Tobias"]
[Black "Lokander, Martin"]
[Result "0-1"]
[WhiteElo "2171"]
[BlackElo "2350"]

1.d4 d5 2.c4 e6 3.Nf3 c6 4.g3 dxc4 5.Bg2 b5 6.O-O Bb7 7.b3 cxb3 8.a4 Nd7 
9.Qxb3 b4 10.a5 c5 11.Rd1 Ngf6 12.Bg5 Rc8 13.dxc5 Bxc5 14.Ne5 Qc7 15.Qa4 
Bxf2+ 16.Kf1 Bxg2+ 17.Kxg2 Qxe5 18.Bxf6 Qc7 19.Bxg7 Rg8 20.Be5 Qc6+ 21.
Qxc6 Rxc6 22.Rxd7 Kxd7 23.Kxf2 Rg5 24.Bd4 Ra6 25.Nd2 Raxa5 26.Rb1 Rgb5 27.
Nc4 Ra2 28.Ne5+ Kc7 29.Ke3 Ra3+ 30.Kf2 Ra6 31.g4 Rd6 32.Nf3 Kb7 33.e4 a5 
34.Ke3 Ka6 35.Ne5 f6 36.Nc4 Rc6 37.Kd3 e5 38.Nxa5 Rxa5 0-1